Quantitative methods for business. (Record no. 7481)
[ view plain ]
| 000 -LEADER | |
|---|---|
| fixed length control field | 00723nam a22002297a 4500 |
| 003 - CONTROL NUMBER IDENTIFIER | |
| control field | OSt |
| 005 - DATE AND TIME OF LATEST TRANSACTION | |
| control field | 20211115124057.0 |
| 008 - FIXED-LENGTH DATA ELEMENTS--GENERAL INFORMATION | |
| fixed length control field | 211115b ||||| |||| 00| 0 eng d |
| 020 ## - INTERNATIONAL STANDARD BOOK NUMBER | |
| International Standard Book Number | 9780273739470 |
| 040 ## - CATALOGING SOURCE | |
| Transcribing agency | DDC |
| 082 ## - DEWEY DECIMAL CLASSIFICATION NUMBER | |
| Classification number | 658.403 WAT 2011 |
| 100 ## - MAIN ENTRY--PERSONAL NAME | |
| Personal name | Waters, Donald |
| 9 (RLIN) | 6827 |
| 245 ## - TITLE STATEMENT | |
| Title | Quantitative methods for business. |
| 260 ## - PUBLICATION, DISTRIBUTION, ETC. (IMPRINT) | |
| Place of publication, distribution, etc. | New York: |
| Name of publisher, distributor, etc. | Prentice Hall; |
| Date of publication, distribution, etc. | 2011. |
| 300 ## - PHYSICAL DESCRIPTION | |
| Extent | xx,603p.: |
| Other physical details | ill; |
| Dimensions | 26cm. |
| 504 ## - BIBLIOGRAPHY, ETC. NOTE | |
| Bibliography, etc | Includes bibliographical references and index. |
| 650 ## - SUBJECT ADDED ENTRY--TOPICAL TERM | |
| Topical term or geographic name as entry element | Business mathematics. |
| 9 (RLIN) | 15332 |
| 650 ## - SUBJECT ADDED ENTRY--TOPICAL TERM | |
| Topical term or geographic name as entry element | Industrial management -- Mathematical models. |
| 9 (RLIN) | 15333 |
| 650 ## - SUBJECT ADDED ENTRY--TOPICAL TERM | |
| Topical term or geographic name as entry element | Commercial statistics. |
| 9 (RLIN) | 5297 |
| 650 ## - SUBJECT ADDED ENTRY--TOPICAL TERM | |
| Topical term or geographic name as entry element | Decision making -- Mathematical models. |
| 9 (RLIN) | 15334 |
| 942 ## - ADDED ENTRY ELEMENTS (KOHA) | |
| Source of classification or shelving scheme | Dewey Decimal Classification |
| Koha item type | Book |
| Withdrawn status | Lost status | Source of classification or shelving scheme | Damaged status | Not for loan | Home library | Current library | Date acquired | Source of acquisition | Inventory number | Total Checkouts | Full call number | Barcode | Date last seen | Price effective from | Koha item type |
|---|---|---|---|---|---|---|---|---|---|---|---|---|---|---|---|
| Dewey Decimal Classification | Faculty of Management Science Library | Faculty of Management Science Library | 15/11/2021 | Purchase | 15/4758 | 658.403 WAT 2011 | 2021-1690 | 15/11/2021 | 15/11/2021 | Book | |||||
| Dewey Decimal Classification | Faculty of Management Science Library | Faculty of Management Science Library | 15/11/2021 | Purchase | 15/4757 | 658.403 WAT 2011 | 2021-1691 | 15/11/2021 | 15/11/2021 | Book | |||||
| Other/Generic Classification Scheme | Faculty of Management Science Library | Faculty of Management Science Library | 15/11/2021 | Purchase | 15/4752 | 658.403 WAT 2011 | 2021-1692 | 15/11/2021 | 15/11/2021 | Book | |||||
| Dewey Decimal Classification | Faculty of Management Science Library | Faculty of Management Science Library | 15/11/2021 | Purchase | 15/4753 | 658.403 WAT 2011 | 2021-1693 | 15/11/2021 | 15/11/2021 | Book | |||||
| Dewey Decimal Classification | Faculty of Management Science Library | Faculty of Management Science Library | 15/11/2021 | Purchase | 15/4751 | 658.403 WAT 2011 | 2021-1694 | 15/11/2021 | 15/11/2021 | Book | |||||
| Dewey Decimal Classification | Faculty of Management Science Library | Faculty of Management Science Library | 15/11/2021 | Purchase | 15/4750 | 658.403 WAT 2011 | 2021-1695 | 15/11/2021 | 15/11/2021 | Book | |||||
| Dewey Decimal Classification | Faculty of Management Science Library | Faculty of Management Science Library | 15/11/2021 | Purchase | 15/4755 | 658.403 WAT 2011 | 2021-1696 | 15/11/2021 | 15/11/2021 | Book | |||||
| Dewey Decimal Classification | Faculty of Management Science Library | Faculty of Management Science Library | 15/11/2021 | Purchase | 15/4756 | 658.403 WAT 2011 | 2021-1697 | 15/11/2021 | 15/11/2021 | Book | |||||
| Dewey Decimal Classification | Faculty of Management Science Library | Faculty of Management Science Library | 15/11/2021 | Purchase | 15/4749 | 658.403 WAT 2011 | 2021-1698 | 15/11/2021 | 15/11/2021 | Book | |||||
| Dewey Decimal Classification | Faculty of Management Science Library | Faculty of Management Science Library | 15/11/2021 | Purchase | 15/4754 | 658.403 WAT 2011 | 2021-1699 | 15/11/2021 | 15/11/2021 | Book |
